000 01354caa a2200289 ib4500
003 SA-RiAUC
005 20251119124421.0
008 251005s1975 ae g bo f000f0 ara c
040 _aSA-JeALM
_bara
_cSA-RiAUC
_erda
082 0 4 _a081
090 _a081
_bن ا ي
100 1 _aنايت بلقاسم، مولود قاسم،
_d1927-1992
_eمؤلف.
245 1 0 _aإنية وأصالة /
_cمولود قاسم.
246 3 7 _aعالم الكتب
264 _aالجزائر:
_bوزارة التعليم.
_c1975
300 _a649 صفحة؛
_c24 سم
336 _aنص
_btxt
_2rdacontent
_3مقالة
337 _aبدون وسيط
_bn
_2rdamedia
338 _aمجلد
_bnc
_2rdacarrier
504 _aيشتمل على إرجاعات ببليوجرافية.
580 _aفي : مجلة الثقافة.
650 7 _aالمقالات العربية
_vمراجعات الكتب
_vمقالات ومحاضرات
_2aucsh
740 0 2 _aإنية وأصالة.
773 0 _aالجزائر. وزارة الإعلام والثقافة
_tمجلة الثقافة / وزارة الإعلام والثقافة.
_gسنة 5، عدد 29 (رمضان / شوال 1395 هجري = أكتوبر / نوفمبر 1975)، صفحة 53-62
_dالجزائر : وزارة الإعلام والثقافة
942 _2ddc
_cBOOK
_n0
949 _aSA-JeALM
_d251005
_umohamedma123
_n1
999 _c13339
_d13339